000
00277nam a22001337a 4500
003
SGT
082
_a
617
_b
M16D
100
_a
DAS, A.
245
_a
A MANUAL OF CLINICAL SURGERY
260
_a
INDIA
_b
S.D. PUB.
300
_a
2016
650
_a
SURGERY
942
_2
ddc
_c
BK
_0
67
999
_c
13698
_d
13698